书目信息 |
| 题名: |
VxWorks网络程序员指南
|
|
| 作者: | ;王金刚 译 ;风河公司 著 | |
| 分册: | ||
| 出版信息: | 北京 清华大学出版社 2003 |
|
| 页数: | 262页 | |
| 开本: | 26cm | |
| 丛书名: | VxWorks开发人员指南丛书 | |
| 单 册: | ||
| 中图分类: | TP316.2 | |
| 科图分类: | ||
| 主题词: | 实时操作系统,VxWorks--指南 | |
| 电子资源: | ||
| ISBN: | 7-302-06823-2 | |
| 000 | 00847nam2 2200241 45 | |
| 001 | 0404290884 | |
| 005 | 20040429085153.3 | |
| 010 | @a7-302-06823-2@dCNY24.00 | |
| 100 | @a20040429d2003 km y0chiy0120 ea | |
| 101 | 0 | @achi@ceng |
| 105 | @a z 000yy | |
| 200 | 1 | @aVxWorks网络程序员指南@AVxWorks Wang Luo Cheng Xu Yuan Zhi Nan@f(美)风河公司著@F(Mei)Feng He Gong Si Zhu@g王金刚等译 |
| 210 | @a北京@c清华大学出版社@d2003 | |
| 215 | @a262页@d26cm | |
| 225 | @aVxWorks开发人员指南丛书 | |
| 300 | @a附录A:netBuflib的使用;附录B:MUX/NPT函数以及数据结构;附录C:捆绑的PPP、SLIP和CSLIP协议 | |
| 410 | @12001 @aVxWorks开发人员指南丛书 | |
| 606 | 0 | @a实时操作系统,VxWorks@x指南 |
| 690 | @aTP316.2@v4 | |
| 702 | 0 | @a王金刚@AWang Jin Gang@4译 |
| 711 | 02 | @a风河公司@4著 |
| 801 | @aCN@bTSTC@c20040429 | |
| 905 | @b332031-035@dTP316.2@e720@f5 | |
| VxWorks网络程序员指南/(美)风河公司著/王金刚等译.-北京:清华大学出版社,2003 |
| 262页;26cm.-(VxWorks开发人员指南丛书) |
| 附录A:netBuflib的使用;附录B:MUX/NPT函数以及数据结构;附录C:捆绑的PPP、SLIP和CSLIP协议 |
| ISBN 7-302-06823-2:CNY24.00 |
| ● |
| 相关链接 |
|
|
|
|
正题名:VxWorks网络程序员指南
索取号:TP316.2/720
 
预约/预借
| 序号 | 登录号 | 条形码 | 馆藏地/架位号 | 状态 | 备注 |
| 1 | 0332031 | 203320316 | 第三借阅区/ [索取号:TP316.2/720] | 在馆 | |
| 2 | 0332032 | 203320325 | 第三借阅区/ [索取号:TP316.2/720] | 在馆 | |
| 3 | 0332033 | 203320334 | 第三借阅区/ [索取号:TP316.2/720] | 在馆 | |
| 4 | 0332034 | 203320343 | 第三借阅区/ [索取号:TP316.2/720] | 在馆 | |
| 5 | 0332035 | 203320352 | 第二样本阅览室/ [索取号:TP316.2/720] | 在馆 |